Popáleniny vysokoškolská učebnica pre poslucháčov Lekárskej fakulty

Bibliographic Details
Main Authors: Koller, Ján (Author), Babík, Ján, 1946- (Author), Kvalténi, Kamil (Author), Görcsová, Jana (Author)
Format: Book
Language:Slovak
PhysicalDescription:119 s. fareb. fotogr., ilustr., tab. 29 cm
Published: Bratislava Univerzita Komenského 2010
ISBN:9788022327985
Edition:1. vyd.
Subjects:

MARC

LEADER 00000cam a2200000 a 4500
001 vtls010198985
003 SK-MaSNL
005 20260301225348.0
008 240315s2010 xo oal d p 000 0 slo
015 |a SNBA2011/05-02777 
020 |a 9788022327985  |q (brož.) 
035 |a D2C68333-861A-4013-91FE-03C16A6691BF 
035 |a urn:nbn:sk:snk-amk1mg 
035 |a urn:nbn:sk:snk-am0087ot 
040 |a SNK  |b slo  |c SNK  |e AACR2 
041 0 |a slo 
044 |a xo  |c SK 
072 7 |a 616  |x Patológia. Klinická medicína  |2 konspekt 
072 7 |a 37.016  |x Učebné osnovy. Vyučovacie predmety. Učebnice  |2 konspekt 
080 |a 616-001.17  |2 2001 
080 |a 616-001.4-08  |2 2001 
080 |a (075.8)  |2 2001 
100 1 |a Koller, Ján  |4 aut  |9 73906 
245 1 0 |a Popáleniny  |b vysokoškolská učebnica pre poslucháčov Lekárskej fakulty  |c Ján Koller a kolektív 
250 |a 1. vyd. 
260 |a Bratislava  |b Univerzita Komenského  |c 2010 
300 |a 119 s.  |b fareb. fotogr., ilustr., tab.  |c 29 cm 
366 |e 400 výt. 
504 |a Bibliogr. s. 113-116 
650 0 7 |a popáleniny  |2 SNKPH  |9 15400 
650 0 7 |a Burns and scalds  |2 SNKPHeng  |9 445182 
650 0 7 |a terapia rán  |2 SNKPH  |9 82546 
650 0 7 |a Wound therapy  |2 SNKPHeng  |9 353026 
655 7 |a učebnice vysokých škôl  |2 SNKPH  |9 70191 
655 7 |a Textbooks (higher)  |2 SNKPHeng  |9 276436 
700 1 |a Babík, Ján,  |d 1946-  |4 aut  |9 189979 
700 1 |a Kvalténi, Kamil  |4 aut  |9 11783 
700 1 |a Görcsová, Jana  |4 aut  |9 618836 
852 |a Štátna vedecká knižnica v Banskej Bystrici 
919 |a 978-80-223-2798-5 
958 |a NB 
958 |a MI 
968 |d 61 
999 |c 950609  |d 952539 
952 |a SNK  |b SNK  |y PREZ  |7 0  |p 17A0689663  |o snkSB 80963  |i snk2011/4228  |8 0  |0 0  |1 0  |4 0  |d 2011-02-24  |f 1  |l 0  |r 2025-05-05 00:00:00  |w 2026-02-24 
952 |a SNK  |b SNK  |y VYP  |7 0  |p 17A0689664  |o snkSB 80963 D1  |i snk2011/4229  |8 0  |0 0  |1 0  |4 0  |d 2011-02-24  |l 0  |r 2016-06-30 00:00:00  |w 2026-02-24